| 000 | 00371nam a2200145Ia 4500 | ||
|---|---|---|---|
| 008 | 211202s9999||||xx |||||||||||||| ||und|| | ||
| 020 | _a9.7893874722e+012 | ||
| 082 |
_a302 _bNee/R |
||
| 100 | _aNeelamalar.M | ||
| 245 | 0 | _aRadio Programme Production | |
| 250 | _a1st Edition | ||
| 260 |
_aNew Delhi _bPhi Learning Private Limited _c2018 |
||
| 300 | _a233p | ||
| 942 | _cBK | ||
| 999 |
_c33557 _d33557 |
||